Sports Team by Cufflinks Quiz Stats

 Plays Quiz Updated Mar 4, 2018

Score 0/20 Timer 05:00
8 Plays Today
% Correct
Baltimore Ravens
96.4%
Miami Dolphins
95.8%
New York Mets
93.5%
Green Bay Packers
93.3%
Golden State Warriors
92.2%
Cleveland Indians
89.9%
Seattle Seahawks
89.8%
Anaheim Ducks
89.7%
St. Louis Cardinals
89.7%
Houston Rockets
87.8%
% Correct
Indiana Pacers
87.7%
Cincinnati Bengals
87.1%
Memphis Grizzlies
86.1%
Detroit Tigers
83%
Arizona Diamondbacks
82.2%
Toronto Raptors
79.2%
Winnipeg Jets
77.6%
Minnesota Wild
75%
Ottawa Senators
71.7%
Nashville Predators
67.7%

You're not logged in!

Compare scores with friends on all Sporcle quizzes.
OR
Log In

You Might Also Like...

Show Comments

Extras

Top Quizzes Today


Score Distribution

Your Account Isn't Verified!

In order to create a playlist on Sporcle, you need to verify the email address you used during registration. Go to your Sporcle Settings to finish the process.

Report this User

Report this user for behavior that violates our Community Guidelines.

Details: